00289nam a2200121Ia 4500008004100000100003200041245002400073260002600097300000700123650001300130942000700143999001700150190216s9999||||xx |||||||||||||| ||und|| aKadathanattu K Madhavi Amma 0aPayyampalli Chanthu bPoorna Pubs Kozhikode a90 aKathakal cBK c27198d27198